Διανοούμενοι και εξουσία : (διαλέξεις Reith 1993)
Αποθηκεύτηκε σε:
| Κύριος συγγραφέας: | |
|---|---|
| Μορφή: | Βιβλίο |
| Γλώσσα: | Greek English |
| Δημοσίευση: |
Αθήνα :
Scripta,
1999.
|
| Έκδοση: | 2η αναθ. έκδ. |
| Σειρά: | Πολιτισμική θεωρία - Κριτική (Scripta)
|
| Θέματα: | |
| Ετικέτες: |
Προσθήκη ετικέτας
Δεν υπάρχουν, Καταχωρήστε ετικέτα πρώτοι!
|
MARC
| LEADER | 00000cam a2200000 i 4500 | ||
|---|---|---|---|
| 001 | 1/91176 | ||
| 008 | 080718s1999 gr | ||| |||| ||gre|| | ||
| 020 | |a 9607909011 | ||
| 035 | |l 10099043 | ||
| 040 | |a GR-MyUa |b gre |e AACR2 | ||
| 041 | 1 | |a gre |h eng | |
| 082 | 7 | |a 305.552 |2 (22) | |
| 100 | 1 | |a Said, Edward W. | |
| 245 | 1 | 0 | |a Διανοούμενοι και εξουσία : |b (διαλέξεις Reith 1993) / |c Edward W. Said ; μετάφραση Γιάννης Παπαδημητρίου. |
| 250 | |a 2η αναθ. έκδ. | ||
| 260 | |a Αθήνα : |b Scripta, |c 1999. | ||
| 300 | |a 147 σ. ; |c 21 εκ. | ||
| 490 | 1 | |a (Πολιτισμική θεωρία - Κριτική / Scripta) | |
| 500 | |a Τίτλος πρωτοτύπου: Representations of the Intellectual : the 1993 Reith lectures. | ||
| 504 | |a Περιλαμβάνει βιβλιογραφικές παραπομπές. | ||
| 650 | 0 | |a Intellectuals. | |
| 650 | 0 | |a Intellectuals in literature. | |
| 830 | 0 | |a Πολιτισμική θεωρία - Κριτική (Scripta) | |
| 852 | |a INST |b SYROS |e 20080718 |h 305.552 SAI |p 005500005657 |q 005500005657 |t BK |y 0 | ||
| 901 | |a BIBL5-2008-2 | ||
| 922 | |a 5ΕΛΗ |b 200711 |c ΕΠΕΑΕΚ2/ΤΜΣΠΣ |d Σ. Πατάκης | ||
| 970 | |a Κοντού |b Παρασκευή |z 18/07/2008 | ||